MARC

LEADER 00000nam0a2200000 4500
001 308844
005 20231102002131.0
035 |a (RuTPU)RU\TPU\book\334165 
090 |a 308844 
100 |a 20151106d1980 k y0rusy5003 ca 
101 0 |a rus 
102 |a RU 
105 |a a z 001zy 
200 1 |a Проблемы сольватации и комплексообразования  |e межвузовский сборник  |f Ивановский химико-технологический институт ; под ред. Г. А. Крестова 
210 |a Иваново  |c Изд-во ИХТИ  |d 1980 
215 |a 206 с.  |c ил. 
320 |a Библиография в конце статей 
606 1 |a Комплексообразование в растворах  |2 stltpush  |3 (RuTPU)RU\TPU\subj\15028  |9 41326 
606 1 |a Сольватация  |2 stltpush  |3 (RuTPU)RU\TPU\subj\70696  |9 84901 
610 1 |a металлопорфирины 
610 1 |a свойства 
610 1 |a хром 
610 1 |a сольватокомплексы 
610 1 |a порфирины 
610 1 |a использование 
610 1 |a энтальпия 
610 1 |a растворы 
610 1 |a ионы 
610 1 |a кобальт 
610 1 |a медь 
610 1 |a соли 
610 1 |a сульфоксиды 
610 1 |a псевдогалогениды 
610 1 |a щелочные металлы 
675 |a 544.353  |v 4 
675 |a 546-386-14  |v 4 
702 1 |a Крестов  |b Г. А.  |4 340 
712 0 2 |a Ивановский химико-технологический институт  |2 stltpush  |3 (RuTPU)RU\TPU\col\7666  |9 24360 
801 0 |a RU  |b RuMRKP  |c 19950704  |g psbo 
801 1 |a RU  |b 63413507  |c 20151106 
801 2 |a RU  |b 63413507  |c 20171017  |g RCR 
942 |c BK